Topics in geometry
Saved in:
| Main Author: | |
|---|---|
| Format: | Book |
| Language: | English |
| Published: |
San Diego, Calf. :
Academic Press,
c1994
|
| Subjects: | |
| Tags: |
Add Tag
No Tags, Be the first to tag this record!
|
MARC
| LEADER | 00000nam a2200000 i 4500 | ||
|---|---|---|---|
| 001 | 1/16445 | ||
| 008 | 010129s1994 eng d | ||
| 020 | |a 0-12-102740-6 | ||
| 035 | |l 10065775 | ||
| 040 | |a GR-MY-UA |b gre |e aacr | ||
| 041 | 0 | |a eng | |
| 082 | 0 | |a 516 | |
| 100 | 1 | |a Bix, Robert |d 1953- | |
| 245 | 1 | 0 | |a Topics in geometry / |c Robert Bix |
| 260 | |a San Diego, Calf. : |b Academic Press, |c c1994 | ||
| 300 | |a x, 538 p.; |b ill.; |c 24 cm. | ||
| 504 | |a Includes bibliographical references and index | ||
| 650 | 0 | 0 | |a Geometry. |
| 852 | |a INST |b SAMOS |e 20010129 |h 516 BIX |p 005300022117 |q 005300022117 |t BK |y 0 | ||
| 901 | |a BIBL3-2001-1 | ||
| 909 | |a Σ |b 084267 | ||
| 922 | |a 3ΕΛΗ |b 200012 |c ΚΠΣ |d ΜΙΧΑΛΟΠΟΥΛΟΣ | ||
| 950 | |a 116-1999-12-28 | ||
| 970 | |a ΠΟΥΡΝΑΡΑΣ |b ΔΗΜΗΤΡΗΣ |z 2001/02/02 | ||